000 00296nam a2200121Ia 4500
005 20260326235449.0
008 260326s9999||||xx |||||||||||||| ||und||
100 _aTubeuf, Georges
245 0 _aTraité D' Architecture /
_cGeorges Tubeuf
260 _bMorin
650 _aCONSTRUCCIÓN
942 _cBK
999 _c7700
_d7700